Optical wireless access architectures supporting bi-directional and multiband service transmission (Record no. 10150)
[ view plain ]
| 000 -LEADER | |
|---|---|
| fixed length control field | 00462 a2200121 4500 |
| 090 ## - LOCALLY ASSIGNED LC-TYPE CALL NUMBER (OCLC); LOCAL CALL NUMBER (RLIN) | |
| -- | 6319 |
| -- | 6319 |
| 100 ## - MAIN ENTRY--PERSONAL NAME | |
| Personal name | M. Haider Raza |
| 245 ## - TITLE STATEMENT | |
| Title | Optical wireless access architectures supporting bi-directional and multiband service transmission |
| Statement of responsibility, etc. | M. Haider Raza |
| 260 ## - PUBLICATION, DISTRIBUTION, ETC. | |
| Place of publication, distribution, etc. | Islamabad: |
| Name of publisher, distributor, etc. | NUST School of Electrical Engineering & Computer Science, |
| Date of publication, distribution, etc. | 2008. |
| 300 ## - PHYSICAL DESCRIPTION | |
| Extent | xviii, 133 p. : |
| Other physical details | ill. ; |
| Dimensions | 27 cm. |
| 500 ## - GENERAL NOTE | |
| General note | Supervisor : Dr. S M H Zaidi. |
| 942 ## - ADDED ENTRY ELEMENTS (KOHA) | |
| Koha item type | Project Report |
| Call number prefix | MS-IT- 6 HAI |
| Withdrawn status | Lost status | Damaged status | Not for loan | Permanent Location | Current Location | Total Checkouts | Full call number | Barcode | Date last seen | Price effective from | Koha item type |
|---|---|---|---|---|---|---|---|---|---|---|---|
| Central Library (CL) | Central Library (CL) | MS-IT- 6 HAI | SEECSP00832 | 11/14/2012 | 11/14/2012 | Project Report |
